Colombia a salvo : (Registro nro. 3392)

Detalles MARC
000 -LEADER
fixed length control field 01057nam a2200253Ia 4500
003 - CONTROL NUMBER IDENTIFIER
control field OSt
005 - DATE AND TIME OF LATEST TRANSACTION
control field 20200715151340.0
008 - FIXED-LENGTH DATA ELEMENTS--GENERAL INFORMATION
fixed length control field 191128s2014 ck fr 000 0dspa d
020 ## - INTERNATIONAL STANDARD BOOK NUMBER
International Standard Book Number 9789585834002
040 ## - CATALOGING SOURCE
Original cataloging agency CO-JMCR
Transcribing agency CO-JMCR
041 0# - LANGUAGE CODE
Language code of text/sound track or separate title spa
082 04 - DEWEY DECIMAL CLASSIFICATION NUMBER
Classification number 338.604809861 /
Item number M843c
Edition number 23
100 1# - MAIN ENTRY--PERSONAL NAME
Personal name Moreno Cano, Óscar,
Relator term autor
9 (RLIN) 7311
245 10 - TITLE STATEMENT
Title Colombia a salvo :
Remainder of title del precipicio minero petrolero dos soluciones /
Statement of responsibility, etc. Óscar Moreno Cano
250 ## - EDITION STATEMENT
Edition statement Primera edición
260 ## - PUBLICATION, DISTRIBUTION, ETC.
Place of publication, distribution, etc. Bogotá :
Name of publisher, distributor, etc. Editorial Masvission,
Date of publication, distribution, etc. 2014
300 ## - PHYSICAL DESCRIPTION
Extent 122 páginas ;
Dimensions 21 cm.
500 ## - GENERAL NOTE
General note Incluye datos biográficos del autor en solapa.
505 0# - FORMATTED CONTENTS NOTE
Formatted contents note Seremos ricos: el país del bienestar general -- El peligroso campo del espejismo: la ruta al rico país del egoísmo, la pobreza y la violencia -- ¿Estamos preparados para esta herencia? -- Nada que hacer, vamos a ser ricos y no hay cómo evitarlo.
650 14 - SUBJECT ADDED ENTRY--TOPICAL TERM
Topical term or geographic name entry element Competitividad
Geographic subdivision Colombia
9 (RLIN) 7308
650 14 - SUBJECT ADDED ENTRY--TOPICAL TERM
Topical term or geographic name entry element Desempeño económico
9 (RLIN) 3961
650 14 - SUBJECT ADDED ENTRY--TOPICAL TERM
Topical term or geographic name entry element Productos competitivos
9 (RLIN) 7312
942 ## - ADDED ENTRY ELEMENTS (KOHA)
Source of classification or shelving scheme Dewey Decimal Classification
Koha item type Books
Existencias
Withdrawn status Lost status Source of classification or shelving scheme Damaged status Not for loan Collection code Home library Current library Date acquired Source of acquisition Total Checkouts Full call number Barcode Date last seen Date last checked out Copy number Koha item type
    Dewey Decimal Classification     Non-fiction Biblioteca Pública José María del Castillo y Rada Biblioteca Pública José María del Castillo y Rada 07/17/2018 Donación 1 338.604809861 / M843c 201807257 05/16/2024 07/12/2023 EJ.1 Books